Quality and Reliability Engineering International
Salvato in:
| Natura: | Periodico |
|---|---|
| Lingua: | inglese |
| Pubblicazione: |
Oxford
John Wiley and Sons
|
| Tags: |
Nessun Tag, puoi essere il primo ad aggiungerne!!
|
MARC
| LEADER | 00000nas1a2200000 4500 | ||
|---|---|---|---|
| 001 | 0270027 | ||
| 005 | 20250701092112.2 | ||
| 022 | |a 1099-1638 | ||
| 022 | |a 0748-8017 | ||
| 041 | 0 | |a eng | |
| 044 | |a GB | ||
| 245 | 1 | 0 | |a Quality and Reliability Engineering International |
| 264 | 1 | |a Oxford |b John Wiley and Sons | |